[Event "BAN-chB 44th"]
[Site "Dhaka"]
[Date "2018.11.19"]
[Round "8"]
[White "Tanvir, Alam"]
[Black "Mondal, Biswajit"]
[Result "0-1"]
[WhiteElo "1840"]
[BlackElo "1959"]
[PlyCount "84"]
[EventDate "2018.11.13"]
[EventType "swiss"]
[EventRounds "9"]
[EventCountry "BAN"]
[SourceTitle "CBM 187 Extra"]
[Source "ChessBase"]
[SourceDate "2018.11.04"]
[SourceVersion "1"]
[SourceVersionDate "2018.11.04"]
[SourceQuality "1"]

1. e4 c5 2. Nf3 d6 3. d4 cxd4 4. Nxd4 Nf6 5. Nc3 a6 6. Be2 e5 7. Nb3 Be7 8. Be3 Be6 9. Nd5 Nxd5 10. exd5 Bf5 11. Qd2 Nd7 12. 0-0 Rc8 13. Rac1 Nb6 14. c4 0-0 15. Na5 Qc7 16. b4 Rfd8 17. Rfd1 Bd7 18. Bd3 Ba4 19. Nb3 g6 20. f3 f5 21. Qf2 Nd7 22. Re1 Rf8 23. Qd2 f4 24. Bf2 Nf6 25. Qe2 Bd7 26. Kh1 g5 27. g3 Kh8 28. gxf4 gxf4 29. Rg1 Rg8 30. Bh4 Qd8 31. Bxf6+ Bxf6 32. Qe4 Qe7 33. c5 Rxg1+ 34. Rxg1 Rg8 35. Rxg8+ Kxg8 36. cxd6 Qg7 37. Nc5 Bh3 38. Qe2 e4 39. Ne6 exd3 40. Qf2 Bh4 41. Qg1 Qxg1+ 42. Kxg1 d2 0-1

[Event "BAN-chB 44th"]
[Site "Dhaka"]
[Date "2018.11.15"]
[Round "4"]
[White "Anata, Choudhury"]
[Black "Mondal, Biswajit"]
[Result "1-0"]
[WhiteElo "2141"]
[BlackElo "1959"]
[PlyCount "73"]
[EventDate "2018.11.13"]
[EventType "swiss"]
[EventRounds "9"]
[EventCountry "BAN"]
[SourceTitle "CBM 187 Extra"]
[Source "ChessBase"]
[SourceDate "2018.11.04"]
[SourceVersion "1"]
[SourceVersionDate "2018.11.04"]
[SourceQuality "1"]

1. e4 c5 2. Nf3 d6 3. d4 cxd4 4. Nxd4 Nf6 5. Nc3 a6 6. Bg5 e6 7. f4 Qb6 8. Qd2 Qxb2 9. Rb1 Qa3 10. e5 Nfd7 11. Be2 Qa5 12. 0-0 Nc6 13. Nxc6 bxc6 14. exd6 Qc5+ 15. Kh1 Qxd6 16. Qe3 Nf6 17. Ne4 Qc7 18. Nxf6+ gxf6 19. Bxf6 Rg8 20. Bf3 Bd7 21. Rfd1 Bd6 22. Be5 Bxe5 23. fxe5 Rb8 24. Rxb8+ Qxb8 25. Qd3 Qc7 26. Qxh7 Rf8 27. Qe4 c5 28. Rb1 Ke7 29. Rb7 Qc8 30. Qc6 Rd8 31. Rc7 Qb8 32. Qxc5+ Ke8 33. Rb7 Qc8 34. Qc7 Kf8 35. h4 Be8 36. Qe7+ Kg8 37. Rb4 1-0

[Event "BAN-chB 44th"]
[Site "Dhaka"]
[Date "2018.11.15"]
[Round "3"]
[White "Mondal, Biswajit"]
[Black "Subrota, Biswas"]
[Result "1/2-1/2"]
[WhiteElo "1959"]
[BlackElo "2126"]
[PlyCount "110"]
[EventDate "2018.11.13"]
[EventType "swiss"]
[EventRounds "9"]
[EventCountry "BAN"]
[SourceTitle "CBM 187 Extra"]
[Source "ChessBase"]
[SourceDate "2018.11.04"]
[SourceVersion "1"]
[SourceVersionDate "2018.11.04"]
[SourceQuality "1"]

1. d4 Nf6 2. c4 g6 3. Nf3 Bg7 4. g3 0-0 5. Bg2 d6 6. 0-0 Nbd7 7. Nc3 e5 8. d5 Nc5 9. Bg5 a5 10. Ne1 h6 11. Bxf6 Bxf6 12. Nd3 b6 13. e4 Bg7 14. f4 f5 15. fxe5 Nxd3 16. Qxd3 Bxe5 17. exf5 gxf5 18. Rf3 Qg5 19. Raf1 Qg4 20. b3 Bd7 21. Ne2 a4 22. Nf4 axb3 23. axb3 Bxf4 24. Rxf4 Qh5 25. Bh3 Rae8 26. Bxf5 Bxf5 27. Rxf5 Rxf5 28. Qxf5 Qxf5 29. Rxf5 Re3 30. b4 b5 31. Rf4 Re5 32. Kg2 bxc4 33. Rxc4 Rxd5 34. Rxc7 Rb5 35. Rc4 Kf7 36. Kf3 Ke6 37. g4 h5 38. h3 hxg4+ 39. hxg4 Rb8 40. Ke3 d5 41. Rf4 Ke5 42. g5 Rh8 43. g6 d4+ 44. Kf3 Rh3+ 45. Kg4 Rh1 46. Rf8 d3 47. Rd8 Rg1+ 48. Kh5 Kf6 49. Rxd3 Rg5+ 50. Kh4 Rb5 51. Rd4 Kxg6 52. Kg4 Kf6 53. Kf4 Ke6 54. Ke4 Re5+ 55. Kd3 Rd5 1/2-1/2